| 000 | 00969nam0a22002771 4500 | ||
|---|---|---|---|
| 001 | rc\4702851 | ||
| 005 | 20250612155803.0 | ||
| 021 |
_aRU _b[68-21940] |
||
| 035 | _a(NLR Aleph) 008719519 | ||
| 090 |
_a9408905 _c9408905 |
||
| 100 | _a20130416d1968 |||y0rusy50 ca | ||
| 101 | 0 | _arus | |
| 102 | _aRU | ||
| 105 | _aag z ||||| | ||
| 200 | 1 | _aНародные танцы | |
| 210 |
_aМосква _cСов. Россия _d1968 |
||
| 215 |
_a136 с. _cил., нот. _d21 |
||
| 225 | 1 |
_aБиблиотечка "В помощь художественной самодеятельности" _v№ 4 |
|
| 606 |
_aТанцы русские _2psbo |
||
| 700 | 1 |
_4220 _aСтепанова _bЛ. Г. _cметодист, художеств. самодеятельность _gЛариса Георгиевна _9141494 _3RU\NLR\AUTH\770141530 |
|
| 801 | 0 |
_aRU _bNLR _gpsbo |
|
| 801 | 1 |
_aRU _bELAR _2rusmarc |
|
| 852 |
_aNLR _j68-5/1743 |
||
| 942 | _cBOOK | ||
| 980 | _aNB | ||